The Magistrates' Courts Act / (Record no. 31)
[ view plain ]
| 000 -LEADER | |
|---|---|
| fixed length control field | 00575nam a22001817a 4500 |
| 005 - DATE AND TIME OF INPUT | |
| control field | 20231024133439.0 |
| 008 - DATA ELEMENTS--GENERAL INFORMATION | |
| fixed length control field | 231024b |||||||| |||| 00| 0 eng d |
| 020 ## - INTERNATIONAL STANDARD BOOK NUMBER | |
| International Standard Book Number | 0702103845 |
| 041 ## - LANGUAGE CODE | |
| Language code of text | English / Afrikaans |
| 082 ## - SHELF NUMBER | |
| DDC number | 347.1 BAK |
| 100 ## - MAIN AUTHOR | |
| Main author's name | Baker PWE and Farlam IG |
| Language of a work | English /Afrikaans |
| 245 ## - TITLE STATEMENT | |
| Title | The Magistrates' Courts Act / |
| Statement of responsibility, etc. | PWE Baker and Farlem IG |
| 250 ## - EDITION STATEMENT | |
| Edition statement | Third Edition |
| 260 ## - PUBLICATION, DISTRIBUTION, ETC. | |
| Place of publication, distribution, etc. | Cape Town : |
| Name of publisher, distributor, etc. | Juta & Company, Limited, |
| Date of publication, distribution, etc. | 1976 |
| 300 ## - PHYSICAL DESCRIPTION | |
| Other physical details | xxxv, 277 pages ; |
| Dimensions | 24,8 cm. |
| 650 ## - SUBJECT` | |
| Broad subject | Legal practice |
| Own subject terms | Law |
| 942 ## - ADDED ENTRY ELEMENTS (KOHA) | |
| Item type | Books |
| 942 ## - ADDED ENTRY ELEMENTS (KOHA) | |
| -- | ALISON_BN_VRIES |
| Source of classification or shelving scheme | Not for loan | Collection code | Home library | Current library | Shelving location | Date acquired | Full call number | Barcode | Price effective from | Koha item type |
|---|---|---|---|---|---|---|---|---|---|---|
| Dewey Decimal Classification | TEXT BOOKS | LAW SOCIETY OF NAMIBIA LIBRARY - WINDHOEK | LAW SOCIETY OF NAMIBIA LIBRARY - WINDHOEK | Civil Procedure and Court | 10/24/2023 | 347.1 BAK | LSN/1988/60 | 10/24/2023 | Books |
